| 000 | 00865nam a2200277 a 4500 | ||
|---|---|---|---|
| 008 | |||
| 020 | _a1858989019 (hbk. ) | ||
| 049 | _aMAIN | ||
| 090 |
_aHG220.A2 _bMON |
||
| 245 | 0 | 0 |
_aMoney, markets and method : _bessays in honour of Robert W. Clower / _cedited by Peter Howitt, Elisabetta de Antoni, Axel Leijonhufvud. |
| 260 |
_aCheltenham : _bEdward Elgar, _c1999. |
||
| 300 |
_axvi, 279 p. ; _c25 cm. |
||
| 504 | _aIncludes bibliographical references. | ||
| 500 | _aIncludes index. | ||
| 650 | 0 | _aMoney. | |
| 650 | 0 | _aCapital market. | |
| 700 | 1 | _aClower, Robert W. | |
| 700 | 1 | _aHowitt, Peter. | |
| 700 | 1 | _aDe Antoni, Elisabetta. | |
| 700 | 1 | _aLeijonhufvud, Axel. | |
| 907 |
_a.b10130810 _b22-02-11 _c15-07-04 |
||
| 003 | |||
| 005 | 20230120193555.0 | ||
| 040 | _cNUST | ||
| 942 |
_cBOOKS _kHG220.A2 _mMON |
||
| 999 |
_c101521 _d101521 |
||